CS:GO Knife Skins - Statistics

General Stats
  • This quiz has been taken 460 times
  • The average score is 12 of 19
Answer Stats
Picture Answer % Correct
Butterfly Knife Lore
97%
Bowie Knife Slaughter
80%
Falchion Knife Gamma Doppler
78%
Huntsman Knife Marble Fade
78%
Gut Knife Autotronic
77%
Talon Knife Tiger Tooth
75%
Karambit Crimson Web
71%
Ursus Knife Ultraviolet
66%
Shadow Daggers Freehand
64%
Stiletto Knife Doppler
63%
Survival Knife Case Hardened
63%
M9 Bayonet Damascus Steel
61%
Skeleton Knife Blue Steel
61%
Flip Knife Bright Water
60%
Bayonet Black Laminate
54%
Classic Knife Scorched
51%
Nomad Knife Stained
46%
Navaja Knife Rust Coat
45%
Paracord Knife Night Stripe
32%
No matching quizzes found
Score Distribution
Percent of People with Each Score
Percentile by Number Answered
Your Score History
You have not taken this quiz